10 Easternmost U.S. States - Statistics

General Stats
  • This quiz has been taken 56,683 times
  • The average score is 8 of 10
Answer Stats
Longitude State % Correct
67.0 °W Maine
97%
71.8 °W New York
96%
71.1 °W Rhode Island
88%
71.5 °W Vermont
87%
70.6 °W New Hampshire
86%
69.9 °W Massachusetts
84%
73.9 °W New Jersey
83%
71.8 °W Connecticut
81%
75.1 °W Delaware
75%
74.7 °W Pennsylvania
69%
No matching quizzes found
Score Distribution
Percent of People with Each Score
Percentile by Number Answered
Your Score History
You have not taken this quiz